| 000 | 01598cam a2200385I 4500 | ||
|---|---|---|---|
| 001 | latebeginner00napi | ||
| 003 | CaSfIA | ||
| 005 | 20210118163222.0 | ||
| 007 | cr|||| | ||
| 008 | 000801s1966 enk 000 0 eng | ||
| 010 | _a 66002559 | ||
| 040 |
_aDLC _cGZM _dOCLCG _dSHS _dUBC _dCaSfIA |
||
| 035 | _a(OCoLC)44694843 | ||
| 050 | 4 |
_aCT788.N29 _bA3 |
|
| 082 | 0 | 4 | _a301.43140924 |
| 100 | 1 |
_aNapier, Priscilla Hayter, _d1908- |
|
| 245 | 1 | 2 |
_aA late beginner, _h[electronic resource] _c[by] Priscilla Napier. |
| 260 |
_aLondon, _bJoseph _c1966. |
||
| 300 |
_a261 p. _bfront., 8 plates (incl. ports.) _c23 cm. |
||
| 600 | 1 | 0 |
_aNapier, Priscilla Hayter, _d1908- |
| 776 | 0 | 8 |
_iOnline version: _aNapier, Priscilla Hayter, 1908- _tLate beginner. _dLondon, Joseph 1966 _w(OCoLC)645312759 |
| 856 | 4 | 1 |
_uhttp://www.archive.org/details/latebeginner00napi _zFree eBook from the Internet Archive |
| 856 | 4 | 2 |
_uhttp://www.openlibrary.org/books/OL24394564M _zAdditional information and access via Open Library |
| 029 | 1 |
_aNZ1 _b4162748 |
|
| 029 | 1 |
_aAU@ _b000006672217 |
|
| 029 | 1 |
_aUNITY _b049184776 |
|
| 029 | 1 |
_aUKHRW _bB6603945 |
|
| 029 | 1 |
_aUKHSF _bB6603945 |
|
| 029 | 1 |
_aUKFCC _bb6603945 |
|
| 029 | 1 |
_aUKTAL _bb6603945 |
|
| 029 | 1 |
_aHAF _bb6603945 |
|
| 942 | _cEB | ||
| 506 | _fНеобхідна авторизація на https://archive.org/ (створення облікового запису безкоштовно) | ||
| 506 | _fНеобхідна авторизація на https://openlibrary.org/ (створення облікового запису безкоштовно) | ||
| 999 |
_c517304 _d517304 |
||